000 00555nam a22002057a 4500
005 20251108174835.0
008 250721s2007 xx 000 0 ara d
082 1 4 _a801.951/جمه
100 1 _aجراس،
245 1 0 _aجمهمورية الوعي :شعر /
264 1 _aسورية :
_bدار نينوى،
_c2007.
300 _a252ص.
650 1 7 _aالشعر
650 1 7 _aالأدب
650 1 7 _aالقصائد
700 1 _aهيني،
700 1 _aابراهيم، محمد عيد
_eمترجم
942 _2ddc
_cBK
999 _c119453
_d119453